000 00439nam a2200181 4500
001 20690
005 20230411085637.0
008 060907n2002 dr spa
020 _a843502640X
035 _9funglode20842
041 _aES
050 1 4 _aZ 685 P497m 2002
100 _aPetroski, Henry
245 1 _aMundolibro /
_cHenry Petroski
260 _aBarcelona :
_bEdhasa,
_c2002
300 _a398 p.
942 _2lcc
_cbk
999 _c105204
_d105204